000 00740nam a2200229Ia 4500
003 OSt
005 20220923222004.0
006 a|||||r|||| 00| 0
007 ta
008 220922b |||||||| |||| 00| 0 hin d
024 _a201,515
037 _cTextual
040 _aARTS
_cARTS
_bhin
041 _2hin
_ahin
082 _aV2:72:L15, F8;1
100 _aजैन, हीरालाल
245 0 _aजैन शिला लेख सग्रंह
246 _aJain shilā lekh sagranha
490 _aमणिक चन्द्र दिगम्बर जैन ग्रन्थमाला 84 85 86
942 _hV2:72:L15, F8;1
_cTEXL
_2CC
999 _c353168
_d353168